000 00594nam a2200169 4500
001 145291
003 ES-MaACL
005 20230906201213.0
007 t|
008 070214s1983 sp r ||||1| spa d
100 1 _aSoria, Nicolás.
_9107359
245 1 0 _aNicolás Soria (1882-1933)
_b: exposición antológica : Museo de Bellas Artes de Asturias, febrero 1983.
260 _a[Oviedo] :
_bMuseo de Bellas Artes de Asturias,
_c1983 (
_fImp. Mercantil)
300 _a33 h. con lám. ;
_c25 cm.
710 2 _aMuseo de Bellas Artes de Asturias.
_95843
852 _aES-MaACL
_j2126-F-23
_bR.105006
999 _c145291
_d145291